Statistics for Minecraft Limited Life - Who's Episode?

Click here to take the quiz!

General Stats

  • This quiz has been taken 2 times
  • The average score is 34 of 101

Answer Stats

HintAnswer% Correct
12 Hour Superfan Episode!BdoubleO100
100%
Frogs and Death!BigB
50%
Times Up!BigB
50%
Part-Time Bad Boy!BigB
50%
Goodbye Friend!BigB
50%
Nosey Neighbors!BigB
50%
Awkward Family SupperEthosLab
50%
Betrayal & LoyaltyEthosLab
50%
TNT BuildingEthosLab
50%
Struggling for LifeEthosLab
50%
Can't Keep CowsEthosLab
50%
2 Hours 2 DiamondsEthosLab
50%
It Was a Bad Day!GoodTimesWithScar
50%
Unintentionally Destroying EthoGoodTimesWithScar
50%
The Family Goes to War!GoodTimesWithScar
50%
Chaos Scar Is Back!GoodTimesWithScar
50%
Looting the ServerGoodTimesWithScar
50%
The Last BoyGrian
50%
The End.Grian
50%
The AFK SessionGrian
50%
24 Hours to LiveGrian
50%
Bread BridgeGrian
50%
Bread Bridge BakeryGrian
50%
That Escalated Quickly!impulseSV
50%
I Am the Boogieman!impulseSV
50%
I Refuse to Go Red!impulseSV
50%
Life by the SeaInTheLittleWood
50%
The Sands of TimeInTheLittleWood
50%
Slay Them with Your WordsInTheLittleWood
50%
Setting Traps Is a Real PaneInTheLittleWood
50%
Out of TimeInTheLittleWood
50%
My Birthday Was a Blast!InTheLittleWood
50%
The Nose GrowsPearlescentMoon
50%
Switch OutPearlescentMoon
50%
Nosy NeighboursPearlescentMoon
50%
No BraincellsPearlescentMoon
50%
24 Hours Left to LivePearlescentMoon
50%
Getting DiceyPearlescentMoon
50%
Nobody Worse, Gosh!!!Skizzleman
50%
Chaos & Carnage!!!Skizzleman
50%
Let's Dance!!!Skizzleman
50%
Worst Start Ever!!!Skizzleman
50%
Bread Crumb Bridge?Skizzleman
50%
Untied!!!Skizzleman
50%
Im the First Ever Boogeyman?!Smajor1995
50%
They'll Regret Making Me Red...Smajor1995
50%
The Mean Gills Are Here!Smajor1995
50%
I Am Bad.. Boys.SmallishBeans
50%
Baddest Boogey..SmallishBeans
50%
Grian's Bad Boy BodyguardSmallishBeans
50%
I Kidnapped Someone for the Bad Boys!!Solidarity
50%
Time Is Not on Our Side!!Solidarity
50%
The Curse Continues!!Solidarity
50%
The Secret Bad Boys Bunker!!Solidarity
50%
A Tragic Loss on the Server..Solidarity
50%
The T.I.E.S That Bind!TangoTek
50%
Death by Poultry!!TangoTek
50%
All Ding, No DeathTangoTek
50%
They Blew Up My Crooked Tower!TangoTek
50%
Two Weeks in a Row?!TangoTek
50%
Warden SummoningZombieCleo
50%
Thanks for the Momma-riesZombieCleo
50%
The Great Mom SwapZombieCleo
50%
My Boys!ZombieCleo
50%
Blood GamesZombieCleo
50%
Boogey Betrayal at Bread BridgeZombieCleo
50%
I'm the ProblemZombieCleo
50%
The Time Is Ticking!BigB
0%
Red Names!BigB
0%
I've Been Tricked!BigB
0%
Green Hunting DayEthosLab
0%
The Red Names Are Here!GoodTimesWithScar
0%
Epic Finale!GoodTimesWithScar
0%
Building Alliances & Bases!GoodTimesWithScar
0%
Yellow MayhemGrian
0%
Red ChaosGrian
0%
First to the Fortress!impulseSV
0%
My Worst Enemy!impulseSV
0%
Everyone Is After Me!impulseSV
0%
Bye Bye Bread Bridge!impulseSV
0%
Time's Up!impulseSV
0%
How to Steal a GrianInTheLittleWood
0%
Time That Is OwedInTheLittleWood
0%
I'm Behind You...PearlescentMoon
0%
They've Gone MadPearlescentMoon
0%
Falling for It!Skizzleman
0%
They Hunted Me Down!Smajor1995
0%
So... We Stole Grian.Smajor1995
0%
Time Is Running OutSmajor1995
0%
Close Calls and Broken Alliances!Smajor1995
0%
The Biggest Betrayal...Smajor1995
0%
No More Bad Boys :(SmallishBeans
0%
They Blew Up Bad Boys Bread Bridge..SmallishBeans
0%
The Bad BoysSmallishBeans
0%
The Baddest Yellows!SmallishBeans
0%
The Worst Assassins on the Server!!Solidarity
0%
The Mega Bad Boys Bread Bridge!!Solidarity
0%
The End TimesTangoTek
0%
Total Chaos!!TangoTek
0%
Into Flame!TangoTek
0%
The Great Grian RobberyZombieCleo
0%

Score Distribution

Percentile by Number Answered

Percent of People with Each Score

Your Score History

You have not taken this quiz